000 nam a22 a 4500
999 _c419475
_d419475
003 BLK
005 20210611160219.0
008 181214b bu ||||gr|||| 00| 0 bu d
020 _a978-619-204-199-1
040 _aBLK
041 _aBUL
_cBUL
080 _aБългарска литература
_b821.163.2
_x-1
_z821.163.2-1
100 _9245122
_aБарев, Иван Петков
_eпърви автор
139 _aБарев, Иван Петков
_bБ 26
245 _aСветовъртеж
_bИзбрана лирика
_cИван Барев
257 _aBGR
260 _9209502
_aСофия
_bБълг. писател
_c2020
300 _a76 с.
_c21 см
380 _aX
653 7 _9189951
_aлирика
942 _cKNG
_n0
_s1
944 _aCR
_c2021-06-11
_kВ. Т.
_l2021-06-11